| 000 | 00914nam a22002535a 4500 | ||
|---|---|---|---|
| 003 | OSt | ||
| 005 | 20170129110726.0 | ||
| 008 | 160922s2013 ua frb 000 0 ara d | ||
| 015 | _22013 / 10879 | ||
| 020 | _a9789770473214 | ||
| 040 |
_aEG-ScBUE _bara _cEG-ScBUE _dEG-ScBUE |
||
| 043 | _af-ua--- | ||
| 082 | 0 | 4 |
_a345.620527 _bز غ ل _222 |
| 100 | 1 | _aزغلول، بشير سعد. | |
| 245 | 1 | 0 |
_aدليل الحبس الاحتياطي في القانون المصري / _cبشير سعد زغلول. |
| 260 |
_aالقاهرة : _bدار النهضة العربية، _c2013. |
||
| 300 |
_a139 ص. ؛ _c24 سم. |
||
| 504 | _aيشتمل على إرجاعات ببليوجرافية. | ||
| 650 | 0 |
_aالحبس الاحتياطي _xقوانين وتشريعات _zمصر. _2BUEsh |
|
| 650 | 7 |
_aالحبس المؤقت _zمصر. _940949 _2BUEsh |
|
| 651 | _2BUEsh | ||
| 653 |
_bLLAAWW _cJanuary2017 |
||
| 942 | _2ddc | ||
| 999 |
_c24008 _d23980 |
||